| 000 | 00625nam a2200121Ia 4500 | ||
|---|---|---|---|
| 008 | 220620s9999||||xx |||||||||||||| ||und|| | ||
| 100 | _aSmith, Adrian||Fressoli, Mariano||Abrol, Dinesh||Arond, Elisa||Ely, Adrian | ||
| 245 | 0 | _aGrassroots Innovation Movements | |
| 546 | _aEnglish[eng] | ||
| 650 | _aactivist||agroecological||community energy||community workshops||consumption||growth||honey bee network||India||network||power||production||Sustainability||Sustainable development||technology||transformation||unsustainable | ||
| 856 | _uhttps://library.oapen.org/bitstream/20.500.12657/52757/1/9781317451198.pdf | ||
| 942 | _cEB | ||
| 999 |
_c32453 _d32453 |
||